000 01550nmm a2200493 a 4500
003 AR-BaBNM
005 20251128204504.0
008 316119s1981 ||||||||||||||000 | spa||
040 _cAR-BaBNM
100 1 _aAlberini, Coriolano
_d1886-1960
245 1 0 _aPrecisiones sobre la evolución del pensamiento argentino
250 _a1ª ed.
260 _aBuenos Aires
_bDocencia
_c1981
300 0 _a153 p.
500 1 _aIncluye un comentario breve de Albert Einstein sobre el autor, en el cual subraya la influencia en éste de la filosofía clásica alemana
600 1 4 _aEcheverría, Esteban
_d1805-1851
600 1 4 _aSarmiento, Domingo Faustino
600 1 4 _aIngenieros, José
_d1877-1925
600 1 4 _aOrtega y Gasset, José
600 1 4 _aEinstein, Albert
600 1 4 _aHegel, Georg Wilhelm Friedrich
600 1 4 _aKant, Immanuel
600 1 4 _aAlberdi, Juan Bautista
600 1 4 _aMarx, Karl
650 4 _aHISTORIA DE LAS IDEAS
650 4 _aHISTORIA DE LA FILOSOFIA
650 4 _aROMANTICISMO
650 4 _aHISTORIA CULTURAL
650 4 _aHISTORIA LITERARIA
650 4 _aPOSITIVISMO
650 4 _aFILOSOFIA CULTURAL
650 4 _aGENERACION DE 1837
650 4 _aGENERACION DE 1880
650 4 _aDESARROLLO ECONOMICO Y SOCIAL
650 4 _aHISTORIA DE LA EDUCACION
651 4 _aArgentina
653 0 _aILUMINISMO
653 0 _aFILOSOFIA CLASICA
700 1 _aGómez, Eugenio
_eprologuista
700 1 _aPró, Diego F.
_ecomentarista
710 2 _aProyecto Cinae
942 _cBK
998 _cenrique
999 _c7617
_d7617